000 00843nam a22002057a 4500
001 BD-DhSAU 9629
003 BD-DhSAU
005 20150624122737.0
008 150624b1986 ii ||||r|||| 000 0 ben d
040 _aBD-DhSAU
082 _222
_a---
_bমিত্রগ
100 _aমিত্র, গজেন্দ্র কুমার
245 _aগজেন্দ্র কুমার মিত্র রচনাবলী ৬ষ্ঠ খন্ড /
_cগজেন্দ্র কুমার মিত্র
260 _aকলিকাতা :
_bমিত্র ও ঘোষ পাবলিশার্স,
_c১৯৮৬.
300 _avi, ৪৮৪ প. :
_c২১ সেমি
440 _n৬ষ্ঠ খন্ড
590 _ajoy
650 _aগজেন্দ্র কুমার মিত্র
942 _2ddc
_cBOOK
999 _c9629
_d9629